[Event "FRA ch blitz  2010"]
[Site "Paris"]
[Date "2010.??.??"]
[Round "1"]
[White "Feller, Sebastien"]
[Black "Metzger, Clement"]
[Result "1-0"]
[WhiteElo "2570"]
[BlackElo "2200"]
[PlyCount "108"]
[EventDate "2010.02.??"]
[EventType "tourn (blitz)"]
[EventRounds "13"]
[EventCountry "FRA"]

1. e4 g6 2. d4 Bg7 3. Nc3 c6 4. h3 d5 5. Nf3 dxe4 6. Nxe4 Nf6 7. Nxf6+ exf6 8.
Bc4 O-O 9. O-O Re8 10. c3 Bf5 11. Bf4 a5 12. Qb3 Qd7 13. Rfe1 Na6 14. Rxe8+
Rxe8 15. Qb6 Be4 16. Nd2 Bd5 17. Bxa6 bxa6 18. Qxa6 Qf5 19. Bg3 Qc2 20. c4 Qxb2
21. Rf1 Bxg2 22. Kxg2 Qxd2 23. Qxc6 Rd8 24. d5 Qd4 25. d6 f5 26. Re1 f4 27. Bh4
f3+ 28. Kg1 Qxh4 29. Re8+ Bf8 30. d7 Qg5+ 31. Kf1 Qg2+ 32. Ke1 Qg1+ 33. Kd2
Qxf2+ 34. Kc3 Qh4 35. Qc7 Qf6+ 36. Kb3 f2 37. Qxd8 Qxd8 38. Rxd8 f1=Q 39. Rxf8+
Kxf8 40. d8=Q+ Kg7 41. Qxa5 Qf3+ 42. Ka4 Qxh3 43. Qe5+ Kh6 44. Qf4+ Kg7 45. c5
f5 46. Qe5+ Kh6 47. Qh2 Kg7 48. Qc7+ Kh6 49. c6 f4 50. Qd6 f3 51. c7 f2 52.
Qf8+ Kh5 53. Qf3+ Kh6 54. Qxf2 Qh4+ 1-0

[Event "FRA ch blitz  2010"]
[Site "Paris"]
[Date "2010.??.??"]
[Round "1"]
[White "Shchekachev, Andrei"]
[Black "Lobstein, Antoine"]
[Result "1-0"]
[WhiteElo "2520"]
[BlackElo "2200"]
[PlyCount "59"]
[EventDate "2010.02.??"]
[EventType "tourn (blitz)"]
[EventRounds "13"]
[EventCountry "FRA"]

1. Nf3 Nf6 2. c4 e6 3. Nc3 d5 4. d4 Be7 5. Bf4 c6 6. e3 O-O 7. Qc2 a6 8. Rd1
Qa5 9. c5 h6 10. Bd3 Nbd7 11. O-O b6 12. Bc7 Ra7 13. b4 Qxb4 14. Rb1 Qa5 15.
cxb6 Rb7 16. Na4 Ne8 17. Bf4 Nxb6 18. Qxc6 Nxa4 19. Rxb7 Bxb7 20. Qxb7 Nc3 21.
Qxe7 Qxa2 22. Bh7+ Kxh7 23. Qxf8 Ne2+ 24. Kh1 Nxf4 25. exf4 Qe2 26. Re1 Qb5 27.
Qxf7 a5 28. h3 a4 29. Rxe6 a3 30. Ng5+ 1-0

[Event "FRA ch blitz  2010"]
[Site "Paris"]
[Date "2010.??.??"]
[Round "2"]
[White "Graca, Robert"]
[Black "Fedorchuk, Sergey A"]
[Result "0-1"]
[WhiteElo "2217"]
[BlackElo "2645"]
[PlyCount "40"]
[EventDate "2010.02.??"]
[EventType "tourn (blitz)"]
[EventRounds "13"]
[EventCountry "FRA"]

1. Nf3 Nf6 2. c4 e6 3. Nc3 Bb4 4. g4 O-O 5. g5 Ne8 6. Qc2 d5 7. e3 c5 8. Bd3 g6
9. b3 Nc6 10. Bb2 d4 11. Ne4 e5 12. a3 Bg4 13. Ng1 Ba5 14. Nxc5 Qxg5 15. b4
dxe3 16. bxa5 exf2+ 17. Kxf2 Rd8 18. Ne4 Qh4+ 19. Ke3 Nd4 20. Qa4 Nf5# 0-1

[Event "FRA ch blitz  2010"]
[Site "Paris"]
[Date "2010.??.??"]
[Round "2"]
[White "Samoun, Florent"]
[Black "Shchekachev, Andrei"]
[Result "0-1"]
[WhiteElo "2135"]
[BlackElo "2545"]
[PlyCount "70"]
[EventDate "2010.02.??"]
[EventType "tourn (blitz)"]
[EventRounds "13"]
[EventCountry "FRA"]

1. b4 e5 2. Bb2 d6 3. c4 Nf6 4. Nc3 g6 5. g3 Bg7 6. Bg2 O-O 7. e3 c6 8. Nge2 d5
9. cxd5 cxd5 10. d4 e4 11. O-O Nbd7 12. Na4 Re8 13. Qb3 Nf8 14. Rac1 Ne6 15.
Nc5 Ng5 16. Qd1 b6 17. Nb3 Bg4 18. Rc2 Qd7 19. Qc1 Rac8 20. Nf4 Nf3+ 21. Kh1 g5
22. Ne2 Nxh2 23. Kxh2 Bxe2 24. Re1 Bf3 25. Qd2 Rxc2 26. Qxc2 Rc8 27. Qd2 h5 28.
Rc1 Bxg2 29. Kxg2 h4 30. Rxc8+ Qxc8 31. Qc1 Qg4 32. Qc7 Qf3+ 33. Kg1 Ng4 34.
Qc2 h3 35. Kf1 Nxe3+ 0-1

[Event "FRA ch blitz  2010"]
[Site "Paris"]
[Date "2010.??.??"]
[Round "2"]
[White "Meier, Georg"]
[Black "Fayard, Alain"]
[Result "1-0"]
[WhiteElo "2663"]
[BlackElo "2250"]
[PlyCount "119"]
[EventDate "2010.02.??"]
[EventType "tourn (blitz)"]
[EventRounds "13"]
[EventCountry "FRA"]

1. Nf3 Nf6 2. g3 c5 3. Bg2 Nc6 4. c4 d5 5. cxd5 Nxd5 6. Nc3 Nc7 7. a3 g6 8. d3
Bg7 9. Be3 Ne6 10. O-O O-O 11. Rb1 Ned4 12. Ne4 b6 13. b4 cxb4 14. axb4 Nxf3+
15. Bxf3 Bh3 16. Re1 Rc8 17. Ng5 Bd7 18. Bg2 Nd4 19. Nf3 Nc2 20. Rf1 Nxe3 21.
fxe3 Qc7 22. Qd2 Qc3 23. Rfc1 Qxd2 24. Nxd2 Rxc1+ 25. Rxc1 Rc8 26. Rxc8+ Bxc8
27. b5 a5 28. bxa6 Bxa6 29. Kf2 Bc8 30. Bc6 Be6 31. d4 Ba2 32. Ne4 Bc4 33. Nc3
e6 34. Bb5 Bb3 35. Ke1 Bf8 36. Kd2 h5 37. Kd3 Bd6 38. e4 f6 39. Bc4 Bxc4+ 40.
Kxc4 h4 41. e5 fxe5 42. Ne4 Be7 43. dxe5 hxg3 44. hxg3 Kf7 45. Kb5 Bd8 46. Kc6
g5 47. g4 Ke8 48. Nd6+ Ke7 49. Nc8+ Ke8 50. Nxb6 Be7 51. Nc4 Kd8 52. Nd6 Bf8
53. Nf7+ Ke7 54. Nxg5 Bh6 55. Nf3 Be3 56. Kb5 Kd7 57. Kc4 Kc6 58. Kd3 Bh6 59.
Ke4 Kc5 60. Nd4 1-0

[Event "FRA ch blitz  2010"]
[Site "Paris"]
[Date "2010.??.??"]
[Round "2"]
[White "Cornette, Matthieu"]
[Black "Palacios Aguilar, Diego Andre"]
[Result "1-0"]
[WhiteElo "2577"]
[BlackElo "1950"]
[PlyCount "111"]
[EventDate "2010.02.??"]
[EventType "tourn (blitz)"]
[EventRounds "13"]
[EventCountry "FRA"]

1. e4 c5 2. Nf3 Nc6 3. Nc3 g6 4. Bb5 Bg7 5. O-O d6 6. e5 Bd7 7. exd6 exd6 8. d4
Nge7 9. Ne4 Bf5 10. Qe2 O-O 11. dxc5 Bxe4 12. cxd6 Bxf3 13. dxe7 Bxe2 14.
exd8=Q Raxd8 15. Bxe2 Rfe8 16. Bb5 Re6 17. Bg5 Rd5 18. Bxc6 bxc6 19. Be3 Bxb2
20. Rab1 Bd4 21. c4 Rd8 22. Bg5 f6 23. Bf4 Bb6 24. Rfe1 Rxe1+ 25. Rxe1 Kf7 26.
Kf1 g5 27. Bc1 Rd4 28. Ba3 Rxc4 29. Re2 Ra4 30. Bc1 Rc4 31. Ba3 c5 32. g3 Rd4
33. Bb2 Rd6 34. Kg2 Re6 35. Rd2 Ke7 36. Rd5 Re5 37. Bxe5 Ke6 38. Rd1 fxe5 39.
Kf3 c4 40. Ke4 Bxf2 41. Rc1 h5 42. Rxc4 h4 43. gxh4 gxh4 44. h3 Bg3 45. Ra4 Bf2
46. Ra6+ Kd7 47. Kxe5 Bg3+ 48. Kd5 Kc7 49. Rxa7+ Kb6 50. Rh7 Kb5 51. Rb7+ Ka6
52. Rb3 Ka5 53. Kc4 Be1 54. Rb5+ Ka6 55. Rh5 Bg3 56. a4 1-0

[Event "FRA ch blitz  2010"]
[Site "Paris"]
[Date "2010.??.??"]
[Round "2"]
[White "Marchand, Francois"]
[Black "Feller, Sebastien"]
[Result "0-1"]
[WhiteElo "2244"]
[BlackElo "2570"]
[PlyCount "134"]
[EventDate "2010.02.??"]
[EventType "tourn (blitz)"]
[EventRounds "13"]
[EventCountry "FRA"]

1. d4 Nf6 2. c4 e6 3. Nf3 d5 4. Nc3 dxc4 5. e3 a6 6. a4 c5 7. Bxc4 Nc6 8. O-O
Be7 9. Qe2 O-O 10. Rd1 Qc7 11. b3 Na5 12. d5 Nxc4 13. bxc4 exd5 14. cxd5 Bg4
15. h3 Bh5 16. e4 Nd7 17. g4 Bg6 18. e5 Qc8 19. d6 Bd8 20. Nd5 Re8 21. Bb2 Qc6
22. h4 c4 23. Qe3 h6 24. Qf4 Nc5 25. Nb4 Qe4 26. Qxe4 Bxe4 27. Ne1 Ba5 28. Bc3
Nb3 29. Ra2 Rad8 30. f3 Bg6 31. Kg2 Bxb4 32. Bxb4 Rxe5 33. Kf2 a5 34. Bc3 Re6
35. Re2 Rexd6 36. Rxd6 Rxd6 37. Re8+ Kh7 38. h5 Bb1 39. Re7 f6 40. Rxb7 Bd3 41.
Rb5 Nc1 42. Rc5 Re6 43. Kg3 Ne2+ 44. Kh4 Nxc3 45. Nxd3 cxd3 46. Rxc3 Rd6 47.
Rc1 d2 48. Rd1 Kg8 49. Kg3 Kf7 50. Kf4 Ke6 51. Ke3 Ke5 52. Rxd2 Rxd2 53. Kxd2
Kf4 54. Ke2 f5 55. gxf5 Kxf5 56. Kd3 g6 57. hxg6 Kxg6 58. Kc4 h5 59. Kb5 h4 60.
Kxa5 h3 61. Kb6 h2 62. a5 h1=Q 63. a6 Qb1+ 64. Ka7 Kf7 65. Ka8 Ke8 66. f4 Kd8
67. f5 Kc7 0-1

[Event "FRA ch blitz  2010"]
[Site "Paris"]
[Date "2010.??.??"]
[Round "3"]
[White "Shchekachev, Andrei"]
[Black "Strugnell, Carl"]
[Result "1-0"]
[WhiteElo "2520"]
[BlackElo "2265"]
[PlyCount "63"]
[EventDate "2010.02.??"]
[EventType "tourn (blitz)"]
[EventRounds "13"]
[EventCountry "FRA"]

1. Nf3 Nf6 2. c4 g6 3. Nc3 d5 4. cxd5 Nxd5 5. Qb3 Nb6 6. d4 Bg7 7. Bf4 O-O 8.
Rd1 Be6 9. d5 Bg4 10. Ne5 Bc8 11. e4 N8d7 12. Nf3 a5 13. Be2 a4 14. Qa3 e5 15.
dxe6 fxe6 16. Bg3 c6 17. O-O Qe8 18. e5 Nd5 19. Ne4 b5 20. Qd3 Qe7 21. Qd2 Ba6
22. a3 Rac8 23. Bh4 Qf7 24. Nd6 Qf4 25. Nxc8 Rxc8 26. Bg5 Qf5 27. Bd3 Qg4 28.
h3 Qh5 29. Rfe1 Rf8 30. Be2 h6 31. Be3 Kh7 32. Ng5+ 1-0

[Event "FRA ch blitz  2010"]
[Site "Paris"]
[Date "2010.??.??"]
[Round "3"]
[White "Franca, Ricardo Bedin"]
[Black "Cornette, Matthieu"]
[Result "1-0"]
[WhiteElo "2296"]
[BlackElo "2570"]
[PlyCount "95"]
[EventDate "2010.02.??"]
[EventType "tourn (blitz)"]
[EventRounds "13"]
[EventCountry "FRA"]

1. e4 c5 2. Nf3 e6 3. d4 cxd4 4. Nxd4 Nc6 5. Nb5 d6 6. c4 Nf6 7. N1c3 a6 8. Na3
b6 9. Be2 Bb7 10. O-O Ne5 11. f3 Be7 12. Kh1 O-O 13. Qd4 Ned7 14. Rd1 Rc8 15.
Qg1 Qc7 16. Bf4 Kh8 17. Rac1 Rg8 18. b4 g5 19. Be3 Rg6 20. Na4 Nh5 21. Qf2 Rcg8
22. Nxb6 Ne5 23. c5 dxc5 24. Bxc5 Bxc5 25. Qxc5 Qb8 26. Nd7 Nxd7 27. Rxd7 Rh6
28. Kg1 Nf6 29. Rc7 g4 30. Qe5 gxf3 31. Bxf3 Qa7+ 32. R1c5 Qb6 33. Nc2 a5 34.
Rxf7 Qd8 35. Rxb7 Qd2 36. Qd4 Qc1+ 37. Qd1 Qf4 38. Rf7 Qxh2+ 39. Kf2 Qf4 40.
Qd4 e5 41. Qxe5 Qd2+ 42. Be2 Rxg2+ 43. Kxg2 Qxe2+ 44. Kg1 Qg4+ 45. Kf2 Qh4+ 46.
Ke3 Qh3+ 47. Kd4 Qh4 48. Rc8# 1-0

[Event "FRA ch blitz  2010"]
[Site "Paris"]
[Date "2010.??.??"]
[Round "3"]
[White "Feller, Sebastien"]
[Black "Picard, Romain"]
[Result "1-0"]
[WhiteElo "2570"]
[BlackElo "2350"]
[PlyCount "60"]
[EventDate "2010.02.??"]
[EventType "tourn (blitz)"]
[EventRounds "13"]
[EventCountry "FRA"]

1. d4 Nf6 2. c4 g6 3. Nc3 d5 4. Qb3 dxc4 5. Qxc4 Bg7 6. e4 O-O 7. Be2 a6 8. Qa4
Nfd7 9. Be3 b5 10. Qc2 Bb7 11. Nf3 Nc6 12. Rd1 Nb6 13. O-O Qd6 14. d5 Ne5 15.
Nxe5 Bxe5 16. f4 Bg7 17. e5 Qd7 18. Bc5 Rfd8 19. Bf3 Qe8 20. b4 Nc4 21. a4 c6
22. a5 cxd5 23. Bxd5 Bxd5 24. Nxd5 Rd7 25. Nb6 Rxd1 26. Rxd1 Nxb6 27. axb6 Rb8
28. Qd3 e6 29. Qd7 Bf8 30. Bd6 Bxd6 1-0

[Event "FRA ch blitz  2010"]
[Site "Paris"]
[Date "2010.??.??"]
[Round "3"]
[White "Boudiba, Mahfoud"]
[Black "Meier, Georg"]
[Result "0-1"]
[WhiteElo "2384"]
[BlackElo "2663"]
[PlyCount "43"]
[EventDate "2010.02.??"]
[EventType "tourn (blitz)"]
[EventRounds "13"]
[EventCountry "FRA"]

1. d4 Nf6 2. c4 e6 3. Nf3 d5 4. Nc3 Be7 5. e3 O-O 6. Bd3 a6 7. a4 c5 8. O-O
cxd4 9. exd4 Nc6 10. Re1 Nb4 11. Qe2 Bd7 12. Ne5 Rc8 13. Be3 Bc6 14. Nxc6 Rxc6
15. Rad1 Qd7 16. Bb1 Rfc8 17. h4 g6 18. h5 Kg7 19. Qg4 Qd8 20. Bd2 Qb6 21. g3
Rxc4 22. Bxg6 0-1

[Event "FRA ch blitz  2010"]
[Site "Paris"]
[Date "2010.??.??"]
[Round "3"]
[White "Braeuning, Rudolf Wilhelm"]
[Black "Tregubov, Pavel V"]
[Result "0-1"]
[WhiteElo "2348"]
[BlackElo "2650"]
[PlyCount "43"]
[EventDate "2010.02.??"]
[EventType "tourn (blitz)"]
[EventRounds "13"]
[EventCountry "FRA"]

1. e4 c5 2. c3 d6 3. d4 Nf6 4. Bd3 g6 5. Nf3 Bg7 6. O-O O-O 7. Re1 Bg4 8. Nbd2
cxd4 9. cxd4 Nc6 10. h3 Bd7 11. e5 dxe5 12. dxe5 Nd5 13. Nc4 b5 14. Be4 Be6 15.
Ne3 Nxe3 16. Bxe3 Rc8 17. Bxc6 Rxc6 18. Nd4 Rb6 19. Nxe6 Rxe6 20. f4 a6 21. Kf2
Bf6 22. Kf3 0-1

[Event "FRA ch blitz  2010"]
[Site "Paris"]
[Date "2010.??.??"]
[Round "3"]
[White "Fedorchuk, Sergey A"]
[Black "Iordanov, Nikolay"]
[Result "1-0"]
[WhiteElo "2645"]
[BlackElo "2245"]
[PlyCount "57"]
[EventDate "2010.02.??"]
[EventType "tourn (blitz)"]
[EventRounds "13"]
[EventCountry "FRA"]

1. e4 e5 2. Bc4 Nf6 3. d3 Bc5 4. Nf3 Nc6 5. c3 d6 6. Bb3 h6 7. h3 Be6 8. Bc2 d5
9. Qe2 dxe4 10. dxe4 O-O 11. Nbd2 a6 12. Nc4 Nd7 13. Ne3 Re8 14. O-O Ne7 15. b4
Ba7 16. Rd1 Ng6 17. Nf5 Qf6 18. Bb3 Rad8 19. Bxe6 Qxe6 20. Be3 Ne7 21. N3h4
Nxf5 22. Nxf5 Nb6 23. a4 Kh7 24. a5 Nd7 25. Qf3 Nf6 26. c4 Rd6 27. c5 Rd4 28.
Rxd4 exd4 29. Rd1 1-0

[Event "FRA ch blitz  2010"]
[Site "Paris"]
[Date "2010.??.??"]
[Round "4"]
[White "Tregubov, Pavel V"]
[Black "Franca, Ricardo Bedin"]
[Result "0-1"]
[WhiteElo "2645"]
[BlackElo "2300"]
[PlyCount "166"]
[EventDate "2010.02.??"]
[EventType "tourn (blitz)"]
[EventRounds "13"]
[EventCountry "FRA"]

1. d4 Nf6 2. c4 e6 3. Nf3 c5 4. d5 exd5 5. cxd5 d6 6. Nc3 g6 7. Nd2 Bg7 8. e4
O-O 9. Be2 a6 10. a4 Re8 11. O-O Nbd7 12. f4 Rb8 13. e5 dxe5 14. Nc4 Nb6 15.
Nxb6 Qxb6 16. fxe5 Rxe5 17. Bf4 Nd7 18. Qd2 Qb4 19. Rad1 b5 20. axb5 axb5 21.
Bxe5 Nxe5 22. d6 Be6 23. Nd5 Qh4 24. Qf4 Qxf4 25. Rxf4 c4 26. Re4 Kf8 27. Nb4
Nd7 28. Rxe6 fxe6 29. Bg4 Rb6 30. Bxe6 Ke8 31. Rd2 c3 32. bxc3 Bxc3 33. Rc2 Nc5
34. Rxc3 Nxe6 35. Rc8+ Kd7 36. Rh8 Kxd6 37. Rxh7 Kc5 38. Nd3+ Kd4 39. Rd7+ Ke4
40. Kf2 b4 41. Nb2 b3 42. Ke2 Rc6 43. Rd2 Nd4+ 44. Kd1 Ra6 45. Nd3 Ra1+ 46. Nc1
Ke3 47. Rd3+ Ke4 48. Rd2 g5 49. g3 g4 50. Rf2 Nf3 51. Rb2 Nd4 52. Kd2 Ra3 53.
Ne2 Nxe2 54. Kxe2 Kd4 55. Kd2 Kc4 56. Kc1 Kc3 57. Kb1 Ra8 58. Re2 Rd8 59. Re3+
Rd3 60. Re1 Rd2 61. Rh1 Rg2 62. Re1 Rb2+ 63. Kc1 Ra2 64. Kb1 Rb2+ 65. Kc1 Rxh2
66. Re3+ Kb4 67. Re8 Rg2 68. Rb8+ Kc3 69. Rc8+ Kd3 70. Rd8+ Ke3 71. Rb8 b2+ 72.
Kb1 Re2 73. Rb3+ Kf2 74. Rc3 Kg2 75. Rb3 Rf2 76. Ka2 Rf3 77. Rb8 Kxg3 78. Kxb2
Rd3 79. Kc2 Rd7 80. Rf8 Kh3 81. Rh8+ Kg2 82. Rg8 g3 83. Rg7 Rxg7 0-1

[Event "FRA ch blitz  2010"]
[Site "Paris"]
[Date "2010.??.??"]
[Round "4"]
[White "Doncea, Vladimir"]
[Black "Shchekachev, Andrei"]
[Result "0-1"]
[WhiteElo "2490"]
[BlackElo "2545"]
[PlyCount "62"]
[EventDate "2010.02.??"]
[EventType "tourn (blitz)"]
[EventRounds "13"]
[EventCountry "FRA"]

1. c4 c5 2. g3 g6 3. Bg2 Bg7 4. Nc3 Nc6 5. Nf3 d6 6. O-O e6 7. a3 Nge7 8. Rb1
O-O 9. b4 b6 10. bxc5 dxc5 11. Bb2 Bb7 12. Ne4 e5 13. d3 Qd7 14. Nc3 Rad8 15.
Qc2 Nd4 16. Nxd4 exd4 17. Ne4 Bc6 18. Ng5 Ba4 19. Qd2 Bh6 20. f4 Bg7 21. Bh3
Nf5 22. Nf3 Rfe8 23. Nh4 Bc6 24. Bc1 Re7 25. Rb2 Rde8 26. Qe1 Bf6 27. Nxf5 gxf5
28. Bg2 Bg7 29. Ra2 Bxg2 30. Kxg2 b5 31. cxb5 Qd5+ 0-1

[Event "FRA ch blitz  2010"]
[Site "Paris"]
[Date "2010.??.??"]
[Round "4"]
[White "Cori Tello, Jorge"]
[Black "Feller, Sebastien"]
[Result "0-1"]
[WhiteElo "2462"]
[BlackElo "2570"]
[PlyCount "54"]
[EventDate "2010.02.??"]
[EventType "tourn (blitz)"]
[EventRounds "13"]
[EventCountry "FRA"]

1. e4 c5 2. Nf3 e6 3. d4 cxd4 4. Nxd4 a6 5. Nc3 b5 6. Be3 Bb7 7. a3 Nf6 8. f3
b4 9. axb4 Bxb4 10. Qd2 d5 11. e5 Nfd7 12. f4 Nc5 13. Bd3 Qh4+ 14. Qf2 Qxf2+
15. Kxf2 Nbd7 16. Na4 f6 17. Nf3 Ne4+ 18. Bxe4 dxe4 19. Nd4 Kf7 20. Rhd1 f5 21.
Nxf5 Rhd8 22. Nd6+ Bxd6 23. exd6 Bd5 24. b3 g6 25. c4 Bc6 26. Bb6 Rdb8 27. Bc7
Rxb3 0-1

[Event "FRA ch blitz  2010"]
[Site "Paris"]
[Date "2010.??.??"]
[Round "4"]
[White "Battaglini, Gabriel"]
[Black "Fedorchuk, Sergey A"]
[Result "0-1"]
[WhiteElo "2398"]
[BlackElo "2645"]
[PlyCount "50"]
[EventDate "2010.02.??"]
[EventType "tourn (blitz)"]
[EventRounds "13"]
[EventCountry "FRA"]

1. d4 Nf6 2. c3 e6 3. Nf3 Bb4 4. Bg5 b6 5. Bh4 Bb7 6. e3 h6 7. Bd3 d6 8. O-O
Nbd7 9. Nfd2 Qe7 10. Bg3 g5 11. f3 h5 12. Be1 h4 13. Qc2 e5 14. f4 g4 15. h3 g3
16. fxe5 O-O-O 17. d5 dxe5 18. a4 Kb8 19. Be2 Nc5 20. Nb3 Nxb3 21. Qxb3 Nd7 22.
Qa3 f5 23. Qxb4 Kc8 24. Rxf5 Nc5 25. Bg4 e4 0-1

[Event "FRA ch blitz  2010"]
[Site "Paris"]
[Date "2010.??.??"]
[Round "4"]
[White "Meier, Georg"]
[Black "Lagarde, Maxime"]
[Result "1-0"]
[WhiteElo "2663"]
[BlackElo "2380"]
[PlyCount "49"]
[EventDate "2010.02.??"]
[EventType "tourn (blitz)"]
[EventRounds "13"]
[EventCountry "FRA"]

1. Nf3 Nf6 2. g3 g6 3. Bg2 Bg7 4. O-O O-O 5. d4 d6 6. b3 Nc6 7. Bb2 e5 8. dxe5
Ng4 9. Qd2 Ngxe5 10. c4 Re8 11. Nc3 Nxf3+ 12. exf3 Bf5 13. Nd5 f6 14. Rfe1 Be6
15. f4 Bxd5 16. cxd5 Ne7 17. Re6 Nf5 18. Rae1 Rxe6 19. Rxe6 Qd7 20. Qe2 c5 21.
dxc6 bxc6 22. g4 Nh4 23. Re7 Qd8 24. Qe6+ Kh8 25. Bxf6 1-0

[Event "FRA ch blitz  2010"]
[Site "Paris"]
[Date "2010.??.??"]
[Round "5"]
[White "Rihouay, Clement"]
[Black "Meier, Georg"]
[Result "0-1"]
[WhiteElo "2240"]
[BlackElo "2663"]
[PlyCount "88"]
[EventDate "2010.02.??"]
[EventType "tourn (blitz)"]
[EventRounds "13"]
[EventCountry "FRA"]

1. e4 e6 2. d4 d5 3. Nc3 dxe4 4. Nxe4 Nd7 5. Nf3 Ngf6 6. Nxf6+ Nxf6 7. Bd3 c5
8. dxc5 Bxc5 9. O-O O-O 10. c3 b6 11. Bg5 Bb7 12. Qe2 h6 13. Bxf6 Qxf6 14. Be4
Bxe4 15. Qxe4 Rfd8 16. Rad1 Rac8 17. Qb7 Rxd1 18. Rxd1 Rd8 19. Rd7 Rxd7 20.
Qxd7 Qf5 21. Qd8+ Kh7 22. Qd1 Qe4 23. Ne1 f5 24. Kf1 Qc4+ 25. Qe2 Qxa2 26. c4
b5 27. Qxe6 Qxc4+ 28. Qxc4 bxc4 29. Nc2 Kg6 30. Ke2 Kf6 31. f3 Ke5 32. Kd2 Kd5
33. Kc3 a5 34. h3 h5 35. g4 fxg4 36. fxg4 h4 37. Ne1 Bd4+ 38. Kc2 Ke4 39. b3
cxb3+ 40. Kxb3 Bf2 41. Nc2 Kf3 42. Kc4 Kg3 43. g5 Kxh3 44. g6 Kg2 0-1

[Event "FRA ch blitz  2010"]
[Site "Paris"]
[Date "2010.??.??"]
[Round "5"]
[White "Moussard, Jules"]
[Black "Ider, Borya"]
[Result "1-0"]
[WhiteElo "2364"]
[BlackElo "2276"]
[PlyCount "37"]
[EventDate "2010.02.??"]
[EventType "tourn (blitz)"]
[EventRounds "13"]
[EventCountry "FRA"]

1. e4 e6 2. Qe2 Be7 3. d4 d5 4. e5 c5 5. c3 Nc6 6. Qg4 g6 7. Nf3 Qb6 8. Be2 h5
9. Qf4 Nh6 10. O-O Nf5 11. dxc5 Bxc5 12. b4 Be7 13. b5 Na5 14. Ba3 Bd7 15. Bxe7
Kxe7 16. Qb4+ Ke8 17. Nbd2 Rc8 18. Rfc1 Rc5 19. a4 {O-O [%clk 0:02:54]} 1-0

[Event "FRA ch blitz  2010"]
[Site "Paris"]
[Date "2010.??.??"]
[Round "5"]
[White "Braeuning, Rudolf Wilhelm"]
[Black "Cornette, Matthieu"]
[Result "0-1"]
[WhiteElo "2348"]
[BlackElo "2570"]
[PlyCount "64"]
[EventDate "2010.02.??"]
[EventType "tourn (blitz)"]
[EventRounds "13"]
[EventCountry "FRA"]

1. e4 d5 2. exd5 Qxd5 3. Nc3 Qa5 4. Bc4 Nf6 5. d4 Bg4 6. f3 Bf5 7. Nge2 e6 8.
O-O Nbd7 9. Ng3 Bg6 10. f4 Nh5 11. Nxh5 Bxh5 12. g4 Bg6 13. f5 exf5 14. Qe2+
Kd8 15. Nd5 c6 16. Bd2 Qa4 17. b3 Qa3 18. Rae1 Bd6 19. Nf4 fxg4 20. Nxg6 hxg6
21. Rxf7 Bxh2+ 22. Kg2 Qd6 23. Qe3 Rh3 24. Qg5+ Kc7 25. Bf4 Bxf4 26. Rxf4 Rah8
27. Qxg4 Rh2+ 28. Kf3 R8h3+ 29. Ke4 Nf6+ 30. Rxf6 gxf6 31. Qxg6 Rh4+ 32. Kd3
Qxd4# 0-1

[Event "FRA ch blitz  2010"]
[Site "Paris"]
[Date "2010.??.??"]
[Round "5"]
[White "Franca, Ricardo Bedin"]
[Black "Vaisser, Anatoli"]
[Result "1-0"]
[WhiteElo "2296"]
[BlackElo "2511"]
[PlyCount "56"]
[EventDate "2010.02.??"]
[EventType "tourn (blitz)"]
[EventRounds "13"]
[EventCountry "FRA"]

1. e4 e6 2. Qe2 b6 3. d4 Ne7 4. Nc3 Ba6 5. Qg4 Bxf1 6. Kxf1 Nbc6 7. Nf3 Qc8 8.
d5 Qa6+ 9. Kg1 Nb4 10. Bf4 c5 11. Rc1 Qa5 12. a3 Na6 13. Bd6 Ng6 14. e5 Bxd6
15. exd6 O-O 16. h4 f5 17. Qc4 b5 18. Nxb5 exd5 19. Qxd5+ Kh8 20. Nc3 Rae8 21.
Ng5 h6 22. Nf7+ Kh7 23. Qxf5 Re5 24. Ng5+ hxg5 25. hxg5+ Kg8 26. Qxg6 c4 27.
Rh7 Rf7 28. Qh5 Qd8 1-0

[Event "FRA ch blitz  2010"]
[Site "Paris"]
[Date "2010.??.??"]
[Round "6"]
[White "Song, Julien"]
[Black "Fier, Alexander Hilario T"]
[Result "1-0"]
[WhiteElo "2245"]
[BlackElo "2625"]
[PlyCount "75"]
[EventDate "2010.02.??"]
[EventType "tourn (blitz)"]
[EventRounds "13"]
[EventCountry "FRA"]

1. d4 Nf6 2. c4 c5 3. d5 e6 4. Nc3 exd5 5. cxd5 d6 6. Nf3 g6 7. Bg5 Bg7 8. Nd2
h6 9. Bh4 g5 10. Bg3 Nh5 11. Qa4+ Kf8 12. Qc2 Nxg3 13. hxg3 Nd7 14. e3 Ne5 15.
Be2 a6 16. a4 f5 17. f4 Nf7 18. Bd3 Qf6 19. Nc4 Bd7 20. Nb6 Rd8 21. Nxd7+ Rxd7
22. Bxf5 Re7 23. Be6 Nd8 24. O-O g4 25. f5 Re8 26. Qb3 Rh7 27. Qb6 Qe5 28. f6
Bxf6 29. Rxf6+ Qxf6 30. Rf1 Qxf1+ 31. Kxf1 Nxe6 32. Qxd6+ Kf7 33. dxe6+ Rxe6
34. Qd7+ Re7 35. Qf5+ Ke8 36. Ke2 h5 37. Nd5 Rd7 38. Nf6+ 1-0

[Event "FRA ch blitz  2010"]
[Site "Paris"]
[Date "2010.??.??"]
[Round "6"]
[White "Cornette, Matthieu"]
[Black "Demuth, Adrien"]
[Result "0-1"]
[WhiteElo "2577"]
[BlackElo "2380"]
[PlyCount "72"]
[EventDate "2010.02.??"]
[EventType "tourn (blitz)"]
[EventRounds "13"]
[EventCountry "FRA"]

1. e4 c5 2. Nf3 Nc6 3. d4 cxd4 4. Nxd4 Nf6 5. Nc3 d6 6. Bg5 e6 7. Qd2 a6 8.
O-O-O Bd7 9. f4 b5 10. Bxf6 gxf6 11. Kb1 Qb6 12. Nxc6 Bxc6 13. f5 Qc5 14. Qe1
Ra7 15. Bd3 b4 16. Ne2 Bh6 17. Rf1 e5 18. g4 a5 19. h4 Be3 20. b3 a4 21. Bc4
axb3 22. Bxb3 Bxe4 23. Ng3 Bg2 24. Nh5 Ke7 25. g5 Bxf1 26. gxf6+ Kd7 27. Qxf1
Bd4 28. Rd3 Rha8 29. Qg2 Kc7 30. Bxf7 Ra3 31. Bb3 Rxa2 32. Bxa2 Rxa2 33. Rxd4
b3 34. Qg7+ Kb6 35. c3 exd4 36. Qf7 Qxf5+ 0-1

[Event "FRA ch blitz  2010"]
[Site "Paris"]
[Date "2010.??.??"]
[Round "6"]
[White "Meier, Georg"]
[Black "Franca, Ricardo Bedin"]
[Result "1-0"]
[WhiteElo "2663"]
[BlackElo "2300"]
[PlyCount "103"]
[EventDate "2010.02.??"]
[EventType "tourn (blitz)"]
[EventRounds "13"]
[EventCountry "FRA"]

1. Nf3 Nf6 2. g3 d5 3. Bg2 c6 4. O-O Bf5 5. c4 e6 6. cxd5 exd5 7. d3 Nbd7 8.
Nc3 Be7 9. Nd4 Bg6 10. e4 O-O 11. Nde2 dxe4 12. dxe4 Nc5 13. f3 Qb6 14. Be3
Qxb2 15. Rb1 Qa3 16. Kh1 Qa6 17. Nd4 Rfd8 18. Qc2 Nfd7 19. Rfd1 b5 20. f4 f6
21. h3 Rac8 22. Kh2 Nb6 23. Nf5 Bxf5 24. exf5 Nc4 25. Rxd8+ Rxd8 26. Re1 Nd3
27. Re2 b4 28. Nd5 cxd5 29. Qxd3 Qc6 30. Bd4 Bf8 31. Re6 Rd6 32. Qe2 Rxe6 33.
fxe6 Be7 34. Bxa7 f5 35. Bd4 Qd6 36. Qf3 Kf8 37. Qxd5 Nd2 38. Qa8+ Qd8 39.
Qxd8+ Bxd8 40. Bd5 g6 41. Kg2 Ke7 42. Kf2 Bc7 43. Ke2 Ne4 44. Bxe4 fxe4 45. Ke3
Kxe6 46. Kxe4 Bd6 47. g4 Bf8 48. Be5 Bc5 49. f5+ gxf5+ 50. gxf5+ Kf7 51. Kd5
Bf8 52. Bd6 1-0

[Event "FRA ch blitz  2010"]
[Site "Paris"]
[Date "2010.??.??"]
[Round "6"]
[White "Strugnell, Carl"]
[Black "Sochacki, Christophe"]
[Result "0-1"]
[WhiteElo "2270"]
[BlackElo "2300"]
[PlyCount "52"]
[EventDate "2010.02.??"]
[EventType "tourn (blitz)"]
[EventRounds "13"]
[EventCountry "FRA"]

1. e4 c5 2. Nc3 g6 3. d4 Bg7 4. dxc5 Qa5 5. Bd2 Qxc5 6. Nd5 Kd8 7. Bc3 Bxc3+ 8.
Nxc3 Nf6 9. Nf3 Nc6 10. Be2 Qb4 11. O-O Qxb2 12. Qd3 Qa3 13. e5 Ng4 14. Rad1
Ngxe5 15. Nxe5 Nxe5 16. Qd4 f6 17. Rfe1 d6 18. Nb5 Qa5 19. f4 Nc6 20. Qd5 a6
21. c4 Nb4 22. Qf7 Re8 23. Kh1 Qxb5 24. h3 Qc5 25. Qxh7 Kd7 26. Rd2 Nc6 0-1